000 00755nam a2200241Ia 4500
003 OSt
005 20220926004549.0
006 a|||||r|||| 00| 0
007 ta
008 220923b |||||||| |||| 00| 0 eng d
020 _a9789351710936
_c275.00
037 _b401, 25/02/2019, RESEARCH INDIA PRESS
_cGeneral Book
040 _aRTL
_cRTL
_beng
041 _2eng
_aeng
082 _aU43.2, Q8
100 _aSHEKHAR Ravi
_9308882
245 0 _aUrbanization in India
_b Growth and pattern.
260 _a New Delhi
_bResearch India Press
_c2018
300 _axv, 175p
_ccm.
500 _aBibliography: p 161-64
942 _hU43.2, Q8
_cGB
_2CC
999 _c611584
_d611584